Sustainable fisheries and responsible aquaculture : A guide for USAID staff and partners

This guide provides basic information on how to design programs to reform capture fisheries and aquaculture sectors to ensure sound and effective development.

محفوظ في:
التفاصيل البيبلوغرافية
التنسيق: كتاب
اللغة:Undetermined
منشور في: United States USAID 2013
الموضوعات:
الوسوم: إضافة وسم
لا توجد وسوم, كن أول من يضع وسما على هذه التسجيلة!
Thư viện lưu trữ: Trung tâm Học liệu Trường Đại học Cần Thơ
LEADER 00785nam a2200205Ia 4500
001 CTU_237899
008 210402s9999 xx 000 0 und d
082 |a 639.8 
082 |b S964 
245 0 |a Sustainable fisheries and responsible aquaculture : 
245 2 |b A guide for USAID staff and partners 
260 |a United States 
260 |b USAID 
260 |c 2013 
520 |a This guide provides basic information on how to design programs to reform capture fisheries and aquaculture sectors to ensure sound and effective development. 
526 |a Nuôi trồng và khai thác thủy sản có trách nhiệm 
526 |b AQ647 
650 |a Nuôi trồng thủy sản,Aquaculture 
910 |b nthai 
980 |a Trung tâm Học liệu Trường Đại học Cần Thơ